| 000 | 00417nam a2200157Ia 4500 | ||
|---|---|---|---|
| 008 | 230917s9999||||xx |||||||||||||| ||und|| | ||
| 020 | _cRS250 | ||
| 040 |
_e32291 _aMAIN |
||
| 041 | _aEnglish | ||
| 082 | _a005.268 M890V | ||
| 100 | _aMukhi, Vijay | ||
| 245 | 0 | _aVijay Mukhi's the 'c' odyssey os/2 & PM -Into infinite words | |
| 260 |
_aSingapore _bTech Publications _c1992 |
||
| 300 | _aiv, 540 p. | ||
| 942 | _cBK | ||
| 999 |
_c103866 _d103866 |
||